000
00322 a2200145 4500
001
154268
040
_c
Escola São Tomás de Aquino
100
_a
COLASANTI, Marina
240
1
0
_a
Cada bicho seu capricho
_l
por
245
1
0
_a
Cada bicho seu capricho
300
_a
16
362
0
_a
2002
697
_a
Poesia
942
_c
BK
999
_c
154268
_d
154268